| 000 | 00421nam a22001577a 4500 | ||
|---|---|---|---|
| 999 |
_c7781 _d7781 |
||
| 005 | 20230926140658.0 | ||
| 008 | 230926b ||||| |||| 00| 0 eng d | ||
| 020 | _a9788466430821 | ||
| 040 | _aCDMR | ||
| 100 |
_94886 _aLlambrich, Fàtima |
||
| 245 |
_aBrots de narcosocietat / _cFàtima Llambrich |
||
| 260 |
_aBarcelona _b: Columna, _c2023 |
||
| 300 | _a258 p. | ||
| 650 | 0 |
_94604 _aDrogues _xTràfic |
|
| 942 |
_2udc _cMON |
||